Vielfalt und Einheit altkirchlicher Ekklesiologie: am Beispiel des Neuen Testaments einerseits, der Konsensgespräche zwischen (byzantinisch- und orientalisch-)orthodoxen Kirchen andererseits

Saved in:
Bibliographic Details
Main Author: Ritter, Adolf Martin (Author)
Format: Chapter/Article Conference Paper
Language:German
Published: 2005
In: Die Kirche - ihre Verantwortung und ihre Einheit
Year: 2005, Pages: 251-267
Subjects:
Online Access: Get full text
Author Notes:Adolf Martin Ritter

MARC

LEADER 00000caa a2200000 c 4500
001 1444838024
003 DE-627
005 20220810201717.0
007 tu
008 121113s2005 gw ||||| 00| ||ger c
035 |a (DE-627)1444838024 
035 |a (DE-576)37483802X 
035 |a (DE-599)BSZ37483802X 
035 |a (OCoLC)1340449672 
040 |a DE-627  |b ger  |c DE-627  |e rakwb 
041 |a ger 
044 |c XA-DE 
084 |a 12  |2 sdnb 
084 |a 1  |2 ssgn 
100 1 |a Ritter, Adolf Martin  |d 1933-2025  |0 (DE-588)119129914  |0 (DE-627)079924654  |0 (DE-576)162740387  |4 aut 
245 1 0 |a Vielfalt und Einheit altkirchlicher Ekklesiologie  |b am Beispiel des Neuen Testaments einerseits, der Konsensgespräche zwischen (byzantinisch- und orientalisch-)orthodoxen Kirchen andererseits  |c Adolf Martin Ritter 
264 1 |c 2005 
300 |a 17 
336 |a Text  |b txt  |2 rdacontent 
337 |a ohne Hilfsmittel zu benutzen  |b n  |2 rdamedia 
338 |a Band  |b nc  |2 rdacarrier 
655 7 |a Konferenzschrift  |0 (DE-588)1071861417  |0 (DE-627)826484824  |0 (DE-576)433375485  |2 gnd-content 
773 0 8 |i In  |t Die Kirche - ihre Verantwortung und ihre Einheit  |d Frankfurt am Main : Lembeck, 2005  |g (2005), Seite 251-267  |h 274 S.  |w (DE-627)1618454536  |w (DE-576)118240463  |z 3874764710  |7 nnam  |a Vielfalt und Einheit altkirchlicher Ekklesiologie am Beispiel des Neuen Testaments einerseits, der Konsensgespräche zwischen (byzantinisch- und orientalisch-)orthodoxen Kirchen andererseits 
773 1 8 |g year:2005  |g pages:251-267  |g extent:17  |a Vielfalt und Einheit altkirchlicher Ekklesiologie am Beispiel des Neuen Testaments einerseits, der Konsensgespräche zwischen (byzantinisch- und orientalisch-)orthodoxen Kirchen andererseits 
951 |a AR 
992 |a 20180524 
993 |a ConferencePaper 
994 |a 2005 
998 |g 119129914  |a Ritter, Adolf Martin  |m 119129914:Ritter, Adolf Martin  |d 10000  |e 10000PR119129914  |k 0/10000/  |p 1  |x j 
999 |a KXP-PPN1444838024  |e 301012659X 
BIB |a Y 
JSO |a {"person":[{"family":"Ritter","display":"Ritter, Adolf Martin","role":"aut","given":"Adolf Martin"}],"language":["ger"],"type":{"bibl":"chapter"},"title":[{"title":"Vielfalt und Einheit altkirchlicher Ekklesiologie","subtitle":"am Beispiel des Neuen Testaments einerseits, der Konsensgespräche zwischen (byzantinisch- und orientalisch-)orthodoxen Kirchen andererseits","title_sort":"Vielfalt und Einheit altkirchlicher Ekklesiologie"}],"physDesc":[{"extent":"17 S."}],"id":{"eki":["1444838024"]},"origin":[{"dateIssuedKey":"2005","dateIssuedDisp":"2005"}],"name":{"displayForm":["Adolf Martin Ritter"]},"relHost":[{"name":{"displayForm":["hrsg. von Dagmar Heller und Rolf Koppe im Auftr. des Kirchenamtes der Evangelischen Kirche in Deutschland"]},"part":{"extent":"17","year":"2005","text":"(2005), Seite 251-267","pages":"251-267"},"corporate":[{"role":"oth","display":"Rumänisch-Orthodoxe Kirche"},{"role":"oth","display":"Evangelische Kirche in Deutschland"},{"role":"oth","display":"Bilateraler Theologischer Dialog (9, 2000, Herrnhut)"},{"display":"Bilateraler Theologischer Dialog (10, 2002, Klausenburg)","role":"oth"}],"title":[{"title":"Die Kirche - ihre Verantwortung und ihre Einheit","subtitle":"das neunte und das zehnte Gespräch im bilateralen theologischen Dialog zwischen der Rumänischen Orthodoxen Kirche und der Evangelischen Kirche in Deutschland","title_sort":"Kirche - ihre Verantwortung und ihre Einheit"}],"person":[{"display":"Heller, Dagmar","family":"Heller","role":"edt","given":"Dagmar"},{"role":"oth","given":"Rolf","family":"Koppe","display":"Koppe, Rolf"}],"language":["ger"],"relMultPart":[{"title":[{"title_sort":"Studienheft / Kirchenamt der Evangelischen Kirche in Deutschland","title":"Studienheft / Kirchenamt der Evangelischen Kirche in Deutschland"}],"type":{"bibl":"serial"},"language":["ger"],"disp":"Studienheft / Kirchenamt der Evangelischen Kirche in Deutschland","physDesc":[{"noteFormat":"22 cm"}],"id":{"eki":["534620493"],"zdb":["2368974-2"]},"origin":[{"publisher":"Lembeck ; Missionshandlung","dateIssuedKey":"1987","publisherPlace":"Frankfurt, M. ; Hermannsburg","dateIssuedDisp":"1987-"}],"dispAlt":"Evangelische Kirche in Deutschland / Kirchenamt: Studienheft","recId":"534620493","titleAlt":[{"title":"Studybook / Administration Office of the Evangelical Church in Germany / Evangelische Kirche in Deutschland / Kirchenamt"}],"pubHistory":["17.1987 -"],"part":{"number_sort":["30"],"number":["30"]},"corporate":[{"role":"aut","display":"Evangelische Kirche in Deutschland"}]},{"part":{"number":["75"],"number_sort":["75"]},"pubHistory":["1.1965 -"],"recId":"129321265","titleAlt":[{"title":"Ökumenische Rundschau / Beiheft"},{"title":"Beiheft zur Ökumenischen Rundschau"}],"id":{"zdb":["130759-9"],"issn":["0473-7989"],"eki":["129321265"]},"physDesc":[{"noteFormat":"22 cm"}],"origin":[{"dateIssuedDisp":"1965-","publisherPlace":"Leipzig ; Stuttgart ; Frankfurt, M.","dateIssuedKey":"1965","publisher":"Evang. Verl.-Anst. ; Evang. Missionsverl. ; Lembeck"}],"dispAlt":"Ökumenische Rundschau / Beiheft","disp":"Studienheft / Kirchenamt der Evangelischen Kirche in Deutschland","language":["ger"],"title":[{"title":"Ökumenische Rundschau","title_sort":"Ökumenische Rundschau","partname":"Beihefte zur Ökumenischen Rundschau"}],"type":{"bibl":"serial"}}],"note":["Die Vorlage enth. insgesamt 2 Kongresse"],"origin":[{"publisher":"Lembeck","dateIssuedKey":"2005","publisherPlace":"Frankfurt am Main","dateIssuedDisp":"2005"}],"physDesc":[{"extent":"274 S."}],"recId":"1618454536","type":{"bibl":"edited-book"},"disp":"Vielfalt und Einheit altkirchlicher Ekklesiologie am Beispiel des Neuen Testaments einerseits, der Konsensgespräche zwischen (byzantinisch- und orientalisch-)orthodoxen Kirchen andererseitsDie Kirche - ihre Verantwortung und ihre Einheit","id":{"isbn":["3874764710"],"eki":["1618454536"]}}],"recId":"1444838024"} 
SRT |a RITTERADOLVIELFALTUN2005